What we do and can do for a living (Record no. 79190)
[ view plain ]
| 000 -LEADER | |
|---|---|
| fixed length control field | 01005cab a22002295a 4500 |
| 001 - CONTROL NUMBER | |
| control field | L140092 |
| 008 - FIXED-LENGTH DATA ELEMENTS--GENERAL INFORMATION | |
| fixed length control field | 070904s2007 xxk f 000 0 eng d |
| 035 ## - SYSTEM CONTROL NUMBER | |
| System control number | (Sirsi) u140092 |
| 041 0# - LANGUAGE CODE | |
| Language code of text/sound track or separate title | eng |
| 100 1# - MAIN ENTRY--PERSONAL NAME | |
| Personal name | Liu, Sing-Cheong |
| 245 00 - TITLE STATEMENT | |
| Title | What we do and can do for a living |
| Remainder of title | expanding the role of the real estate profession |
| 260 ## - PUBLICATION, DISTRIBUTION, ETC. | |
| Date of publication, distribution, etc. | 2007 |
| 490 #0 - SERIES STATEMENT | |
| Series statement | Journal of Property Investment and Finance |
| Volume/sequential designation | 25(5) 2007, 468-481(14) |
| 520 ## - SUMMARY, ETC. | |
| Summary, etc. | Presents the authors' opinions about the impact of globalisation on the real estate profession and some essential changes of real estate business service. Case study from mainland China. Finds that global capital has transformed local property market practices. |
| 590 ## - LOCAL NOTE (RLIN) | |
| Local note | ka |
| 651 #4 - SUBJECT ADDED ENTRY--GEOGRAPHIC NAME | |
| Geographic name | International |
| 690 ## - LOCAL SUBJECT ADDED ENTRY--TOPICAL TERM (OCLC, RLIN) | |
| Topical term or geographic name as entry element | MANAGEMENT-BUSINESS MANAGEMENT-PROFESSIONAL PRACTICE PROPERTY-COMMERCIAL PROPERTY-CORPORATE REAL ESTATE-CORPORATE REAL ESTATE MANAGEMENT |
| 700 1# - ADDED ENTRY--PERSONAL NAME | |
| Personal name | Wang, Mark |
| 700 1# - ADDED ENTRY--PERSONAL NAME | |
| Personal name | Tang, Bo-Sin |
| 700 1# - ADDED ENTRY--PERSONAL NAME | |
| Personal name | Wong, Siu-Wai |
| 942 ## - ADDED ENTRY ELEMENTS (KOHA) | |
| Suppress in OPAC | 0 |
| Withdrawn status | Lost status | Source of classification or shelving scheme | Damaged status | Not for loan | Home library | Current library | Shelving location | Date acquired | Total Checkouts | Full call number | Barcode | Date last seen | Copy number | Price effective from | Koha item type |
|---|---|---|---|---|---|---|---|---|---|---|---|---|---|---|---|
| Dewey Decimal Classification | London | London | Journal article | 04/09/2007 | L140092 | 140092-1001 | 06/08/2019 | 1 | 06/08/2019 | Journal article |